[Event "6th American Continental (w)"]
[Site "Duran ECU"]
[Date "2011.06.19"]
[Round "9.2"]
[White "Rodriguez Rueda, Paula Andrea"]
[Black "Linares Napoles, Oleiny"]
[Result "0-1"]
[WhiteElo "2069"]
[BlackElo "2319"]
[EventDate "2011.06.12"]
[PlyCount "80"]

1.d4 Nf6 2.c4 g6 3.Nc3 Bg7 4.e4 d6 5.f3 O-O 6.Nge2 c5 7.d5 e6 8.Ng3 a6 9.
a4 exd5 10.cxd5 Nbd7 11.Bg5 h6 12.Be3 Ne5 13.Qd2 h5 14.Bg5 Re8 15.Be2 h4 
16.Nf1 h3 17.g3 Bd7 18.Ne3 b5 19.f4 Nc4 20.Bxc4 bxc4 21.Nxc4 Nxe4 22.Bxd8 
Nxd2+ 23.Kxd2 Rexd8 24.Ne4 Rab8 25.Nexd6 Bg4 26.Kc2 Bf3 27.Rhe1 Rb4 28.
Rab1 Bf8 29.Nd2 Bxd5 30.N6e4 Be6 31.g4 Bg7 32.b3 Bxg4 33.Re3 Rbd4 34.Nc4 
Bf5 35.Rbe1 Bh6 36.Kb2 Bxf4 37.Nf6+ Kg7 38.Ne8+ Kf8 39.R3e2 Bg4 40.Re4 
Bxh2 0-1

[Event "6th American Continental (w)"]
[Site "Duran ECU"]
[Date "2011.06.19"]
[Round "9.3"]
[White "Lujan, Carolina"]
[Black "Marrero Lopez, Yaniet"]
[Result "0-1"]
[WhiteElo "2353"]
[BlackElo "2328"]
[EventDate "2011.06.12"]
[PlyCount "70"]

1.f4 d5 2.Nf3 c5 3.g3 g6 4.Bg2 Bg7 5.O-O Nc6 6.d3 Nh6 7.c3 O-O 8.Na3 Rb8 
9.h3 d4 10.Bd2 Nf5 11.Qe1 e5 12.Nc4 exf4 13.Bxf4 b5 14.Bxb8 Nxb8 15.g4 Ne7
16.Na3 Nd5 17.cxd4 Ne3 18.Qg3 Nxf1 19.Rxf1 Bxd4+ 20.Nxd4 Qxd4+ 21.e3 Qxb2 
22.Bd5 Nd7 23.Qc7 Qxa3 24.Rxf7 Rxf7 25.Qxc8+ Nf8 26.Bxf7+ Kxf7 27.Qb7+ Ke6
28.Qe4+ Kd6 29.d4 Qc1+ 30.Kf2 Qd2+ 31.Kf3 cxd4 32.exd4 Ne6 33.Qe5+ Ke7 34.
d5 Qd3+ 35.Kg2 Qxd5+ 0-1

[Event "6th American Continental (w)"]
[Site "Duran ECU"]
[Date "2011.06.19"]
[Round "9.4"]
[White "Salazar Cardona, Aura Cristina"]
[Black "Arribas Robaina, Maritza"]
[Result "1/2-1/2"]
[WhiteElo "2194"]
[BlackElo "2300"]
[EventDate "2011.06.12"]
[PlyCount "80"]

1.e4 d6 2.d4 Nf6 3.Nc3 Nbd7 4.Nf3 e5 5.g4 exd4 6.Nxd4 Nc5 7.Bb5+ c6 8.Nxc6
bxc6 9.Bxc6+ Bd7 10.Bxa8 Qxa8 11.f3 Bc6 12.Bf4 Qb8 13.Qd2 Be7 14.O-O-O Nb7
15.h4 O-O 16.h5 Nd7 17.g5 Ne5 18.Nd5 Bxd5 19.Qxd5 Nc5 20.Bxe5 dxe5 21.g6 
Na4 22.Qb3 Qxb3 23.axb3 Nb6 24.Kd2 fxg6 25.hxg6 hxg6 26.Ke2 Rc8 27.c3 Kf7 
28.Ra1 Rc7 29.Ra5 Bd6 30.Rh8 Rb7 31.b4 Rd7 32.b3 g5 33.Rb5 Rc7 34.c4 Nd7 
35.c5 Bf8 36.Ra5 Ke8 37.Ra6 Ke7 38.Ra2 Ke8 39.Rh5 Be7 40.Rh8+ Nf8 1/2-1/2

[Event "6th American Continental (w)"]
[Site "Duran ECU"]
[Date "2011.06.19"]
[Round "9.5"]
[White "Romero Echeverria, Abigail"]
[Black "Orozco Lopez, Lina Yomayra"]
[Result "1-0"]
[WhiteElo "2062"]
[BlackElo "2145"]
[EventDate "2011.06.12"]
[PlyCount "83"]

1.e4 c5 2.Nf3 Nc6 3.c3 d5 4.exd5 Qxd5 5.d4 cxd4 6.cxd4 Bg4 7.Be2 e6 8.O-O 
Nf6 9.Nc3 Qd6 10.Be3 Be7 11.h3 Bh5 12.a3 O-O 13.Qb3 a6 14.Rfd1 Rfd8 15.
Rac1 b5 16.Qc2 Na5 17.Ne5 Rac8 18.g4 Bg6 19.Nxg6 hxg6 20.Bf3 Qb8 21.Qe2 
Rc4 22.d5 e5 23.g5 Ne8 24.Ne4 f5 25.gxf6 gxf6 26.Nd2 Rxc1 27.Rxc1 f5 28.b4
Nb7 29.Bg2 Nf6 30.Bg5 Kf7 31.Rc6 e4 32.f3 Nxd5 33.fxe4 Qe5 34.Nf3 Qa1+ 35.
Rc1 Nc3 36.Qe1 Qxa3 37.Rxc3 Qxb4 38.Rc7 Qb3 39.Rxe7+ Kg8 40.Kh2 Nd6 41.Qh4
Nf7 42.Rxf7 1-0

[Event "6th American Continental (w)"]
[Site "Duran ECU"]
[Date "2011.06.19"]
[Round "9.6"]
[White "Cordero Loup, Ely Daniela"]
[Black "Chirivi Castiblanco, Jenny Astrid"]
[Result "0-1"]
[WhiteElo "2058"]
[BlackElo "2226"]
[EventDate "2011.06.12"]
[PlyCount "142"]

1.d4 d5 2.Nf3 c6 3.c4 Nf6 4.Qc2 dxc4 5.Qxc4 b5 6.Qc2 Bb7 7.Nbd2 e6 8.Nb3 
Nbd7 9.Bd2 a5 10.e3 Qb6 11.Rc1 Bb4 12.Nc5 Nxc5 13.dxc5 Qc7 14.a3 Bxd2+ 15.
Nxd2 e5 16.Be2 O-O 17.O-O Rae8 18.e4 a4 19.Rfd1 Bc8 20.Qc3 Be6 21.Qb4 Re7 
22.Nf3 Bg4 23.Rd6 Ne8 24.Rd2 Bxf3 25.Bxf3 g6 26.Rcd1 Ng7 27.Bg4 f5 28.exf5
gxf5 29.Be2 Ne6 30.b3 axb3 31.Qxb3 Kh8 32.Qc3 Rg7 33.Bf1 f4 34.Rd6 Nd4 35.
Qh3 Nf5 36.R6d2 e4 37.Qc3 Kg8 38.Qb3+ Qf7 39.Qxf7+ Kxf7 40.Rd7+ Kg6 41.Rd8
Rxd8 42.Rxd8 Re7 43.g3 e3 44.fxe3 fxe3 45.Be2 Re5 46.g4 Ne7 47.Rd7 Kf6 48.
Rd6+ Kf7 49.Rd3 Nd5 50.Kf1 Ke7 51.Ke1 Nf4 52.Rc3 Kd7 53.Kf1 Kc7 54.Ke1 Ne6
55.Bf3 h6 56.h4 Nf4 57.Be2 Ng2+ 58.Kf1 Nxh4 59.Kg1 Ng6 60.Kg2 Nf4+ 61.Kf3 
Nd5 62.Rc1 Re6 63.Rc2 Rf6+ 64.Ke4 Rf2 65.Kd3 Kd7 66.Rb2 Ke6 67.Rc2 Ke5 68.
Rb2 Nf4+ 69.Kxe3 Rxe2+ 70.Rxe2 Nxe2 71.Kxe2 Kf4 0-1

[Event "6th American Continental (w)"]
[Site "Duran ECU"]
[Date "2011.06.19"]
[Round "9.7"]
[White "Orozco Lopez, Luz Elena"]
[Black "Plazaola, Maria De los Angeles"]
[Result "1-0"]
[WhiteElo "2145"]
[BlackElo "2181"]
[EventDate "2011.06.12"]
[PlyCount "75"]

1.e4 c5 2.Nf3 Nc6 3.d4 cxd4 4.Nxd4 e5 5.Nb5 d6 6.N1c3 a6 7.Na3 b5 8.Nd5 
Nge7 9.c3 Rb8 10.Nc2 Nxd5 11.exd5 Ne7 12.Ne3 Ng6 13.Bd3 Be7 14.g3 Bg5 15.
h4 Bxe3 16.Bxe3 f5 17.h5 Ne7 18.Bg5 h6 19.Bh4 Qc7 20.Bc2 O-O 21.Qd2 a5 22.
f4 Bb7 23.fxe5 Bxd5 24.Bxe7 Bxh1 25.Bxf8 Rxf8 26.O-O-O Bf3 27.exd6 Qb6 28.
Re1 Bxh5 29.d7 Bg6 30.Bb3+ Kh7 31.Re6 Qg1+ 32.Qe1 Qxe1+ 33.Rxe1 Rd8 34.Be6
h5 35.Re5 Kh6 36.Rc5 Be8 37.dxe8=Q Rxe8 38.Bxf5 1-0

[Event "6th American Continental (w)"]
[Site "Duran ECU"]
[Date "2011.06.19"]
[Round "9.8"]
[White "Frometa Castillo, Zirka"]
[Black "Castrillon Gomez, Melissa"]
[Result "0-1"]
[WhiteElo "2125"]
[BlackElo "2386"]
[EventDate "2011.06.12"]
[PlyCount "66"]

1.d4 Nf6 2.Nf3 c5 3.d5 d6 4.c4 g6 5.Nc3 Bg7 6.e4 O-O 7.Bd3 a6 8.O-O b5 9.
cxb5 Qa5 10.bxa6 Bxa6 11.Bxa6 Rxa6 12.Bd2 Nbd7 13.Qc2 Rb8 14.Rfe1 Qc7 15.
a4 Nb6 16.Ra2 Qb7 17.b3 Nfd7 18.Nb5 c4 19.bxc4 Rc8 20.Bb4 Rxc4 21.Qb3 Nc5 
22.Bxc5 dxc5 23.d6 Rb4 24.Qd1 Rxb5 25.dxe7 Qxe7 26.Rd2 Rxa4 27.Rd8+ Bf8 
28.e5 Ra8 29.Rd6 Rb8 30.h4 Nc4 31.Rd7 Rb1 32.Qa4 Rxe1+ 33.Nxe1 Nb6 0-1

[Event "6th American Continental (w)"]
[Site "Duran ECU"]
[Date "2011.06.19"]
[Round "9.9"]
[White "Heredia Serrano, Carla"]
[Black "Pachon, Adriana"]
[Result "1/2-1/2"]
[WhiteElo "2071"]
[BlackElo "1976"]
[EventDate "2011.06.12"]
[PlyCount "86"]

1.d4 Nf6 2.Nf3 g6 3.Nc3 d5 4.Bf4 Bg7 5.Qd2 c6 6.Bh6 O-O 7.h4 b5 8.h5 Bf5 
9.Ne5 gxh5 10.f3 Qd6 11.g4 Bg6 12.O-O-O Nbd7 13.Bf4 Qe6 14.gxh5 Nxe5 15.
Bxe5 Nxh5 16.Bh3 f5 17.Bxg7 Nxg7 18.f4 a5 19.e3 a4 20.Rdg1 b4 21.Nd1 b3 
22.cxb3 axb3 23.a3 c5 24.dxc5 Rfc8 25.Nc3 Rxc5 26.Kb1 Ne8 27.Rg5 Nd6 28.
Bg2 Rca5 29.Bf3 Nc4 30.Qh2 Qf7 31.Rxg6+ Qxg6 32.Rg1 Nd2+ 33.Kc1 Nxf3 34.
Rxg6+ hxg6 35.Qg3 d4 36.Qxg6+ Kf8 37.Qh6+ Kg8 38.Qg6+ Kf8 39.Qh6+ Kg8 40.
Qe6+ Kf8 41.exd4 Nxd4 42.Qh6+ Kg8 43.Qg6+ Kf8 1/2-1/2

[Event "6th American Continental (w)"]
[Site "Duran ECU"]
[Date "2011.06.19"]
[Round "9.10"]
[White "Real Pereyra, Diana Carime"]
[Black "Martinez, Ayelen"]
[Result "0-1"]
[WhiteElo "1976"]
[BlackElo "1992"]
[EventDate "2011.06.12"]
[PlyCount "74"]

1.e4 c5 2.Nf3 d6 3.d4 cxd4 4.Nxd4 Nf6 5.Nc3 a6 6.Bc4 e6 7.Bb3 Nbd7 8.Bg5 
Nc5 9.f4 Be7 10.Qf3 Qc7 11.O-O-O b5 12.Bxf6 Bxf6 13.Nf5 Nb7 14.Nxd6+ Nxd6 
15.e5 Bb7 16.Qd3 Bxe5 17.fxe5 Nc4 18.Bxc4 bxc4 19.Qg3 O-O 20.Rd4 Rab8 21.
Rf1 Ba8 22.Nd1 Rb5 23.Qc3 Bd5 24.Rg4 Rfb8 25.Qg3 g6 26.Qc3 Qc6 27.Rf2 Rc5 
28.Rh4 Rcb5 29.Qe3 h5 30.Qh6 R8b7 31.Qg5 Rxb2 32.Nxb2 Qb6 33.Qf4 Qxb2+ 34.
Kd2 Rd7 35.Ke1 Qb1+ 36.Ke2 Qxc2+ 37.Qd2 Bf3+ 0-1

[Event "6th American Continental (w)"]
[Site "Duran ECU"]
[Date "2011.06.19"]
[Round "9.11"]
[White "Fandino Reyes, Roquelina"]
[Black "Matute Loja, Maria Belen"]
[Result "1-0"]
[WhiteElo "2147"]
[BlackElo "1946"]
[EventDate "2011.06.12"]
[PlyCount "79"]

1.e4 c5 2.c3 d5 3.exd5 Qxd5 4.Nf3 g6 5.d4 Bg7 6.Be2 cxd4 7.cxd4 Nf6 8.Nc3 
Qa5 9.O-O e6 10.Nb5 O-O 11.Bf4 Nd5 12.Bd6 Rd8 13.a3 a6 14.b4 Qb6 15.Bc5 
Qc6 16.Na7 Qe8 17.Nxc8 Rxc8 18.Bd6 Rd8 19.Bxb8 Raxb8 20.Rc1 Rd6 21.g3 Rbd8
22.Qb3 b5 23.Rc2 Ne7 24.h4 Nf5 25.h5 Nxd4 26.Nxd4 Rxd4 27.hxg6 hxg6 28.Qe3
Qd7 29.Rfc1 Rd2 30.Rxd2 Qxd2 31.Rd1 Qxd1+ 32.Bxd1 Rxd1+ 33.Kg2 Bd4 34.Qe2 
Ra1 35.Qe4 e5 36.f4 Ra2+ 37.Kf1 Rxa3 38.fxe5 Bb6 39.e6 Re3 40.exf7+ 1-0

[Event "6th American Continental (w)"]
[Site "Duran ECU"]
[Date "2011.06.19"]
[Round "9.12"]
[White "Salazar Loor, Sara"]
[Black "Ubaldo Suarez, Maria Gisela"]
[Result "0-1"]
[WhiteElo "2002"]
[BlackElo "2079"]
[EventDate "2011.06.12"]
[PlyCount "74"]

1.e4 c5 2.Nc3 Nc6 3.f4 g6 4.Nf3 Bg7 5.g4 e6 6.h4 h5 7.gxh5 Rxh5 8.Ne2 Nd4 
9.Nexd4 cxd4 10.Be2 Rh8 11.d3 d6 12.Bd2 Qb6 13.b3 Qc5 14.a4 Bd7 15.b4 Qc7 
16.O-O Nf6 17.Ra2 Nh5 18.Qe1 e5 19.fxe5 dxe5 20.Ng5 f6 21.Bxh5 Rxh5 22.Qf2
Bg4 23.Qg3 Qd7 24.Nf3 Bxf3 25.Rxf3 Qf7 26.Rb2 O-O-O 27.Qg4+ Kb8 28.Kf1 
Rdh8 29.Be1 f5 30.Bg3 f4 31.b5 Qe7 32.Be1 g5 33.b6 a6 34.Bb4 Qd8 35.hxg5 
Rxg5 36.Qe6 Rh1+ 37.Ke2 Rg2+ 0-1

[Event "6th American Continental (w)"]
[Site "Duran ECU"]
[Date "2011.06.19"]
[Round "9.13"]
[White "Rosales Murillo, Cristina"]
[Black "Mendoza Velazquez, Lorena Alejandra"]
[Result "1/2-1/2"]
[WhiteElo "1638"]
[BlackElo "2033"]
[EventDate "2011.06.12"]
[PlyCount "63"]

1.e4 c5 2.b3 Nf6 3.e5 Nd5 4.c4 Nc7 5.Bb2 Ne6 6.Nf3 Nc6 7.Nc3 g6 8.g3 Bg7 
9.Ne2 Qc7 10.Bg2 Nxe5 11.Nxe5 Bxe5 12.Bxe5 Qxe5 13.O-O f5 14.Re1 Qf6 15.
Nc3 Nc7 16.Bd5 Rb8 17.Qf3 Kd8 18.Qe3 b6 19.Rad1 e6 20.Bg2 Bb7 21.Bxb7 Rxb7
22.d4 cxd4 23.Rxd4 Kc8 24.Red1 Rd8 25.Qf3 Qe7 26.Rd6 e5 27.Qd3 Ne8 28.Rd5 
Nc7 29.Rd6 Ne8 30.Rd5 Nc7 31.Rd6 Ne8 32.Rd5 1/2-1/2

[Event "6th American Continental (w)"]
[Site "Duran ECU"]
[Date "2011.06.20"]
[Round "10.1"]
[White "Cori Tello, Deysi"]
[Black "Arribas Robaina, Maritza"]
[Result "1/2-1/2"]
[WhiteElo "2386"]
[BlackElo "2300"]
[EventDate "2011.06.12"]
[PlyCount "52"]

1.d4 d5 2.c4 e6 3.Nf3 Nf6 4.g3 Bb4+ 5.Bd2 Be7 6.Bg2 O-O 7.Qc2 c6 8.O-O b6 
9.Rd1 Ba6 10.b3 Nbd7 11.a4 c5 12.a5 Qc8 13.cxd5 exd5 14.Nc3 Re8 15.Be3 
bxa5 16.dxc5 Bxc5 17.Nd4 Nb6 18.Qf5 Qxf5 19.Nxf5 Bb4 20.Nxd5 Nbxd5 21.Bxd5
Nxd5 22.Rxd5 Bxe2 23.Nd4 Bg4 24.Nc6 Bf3 25.Nxb4 axb4 26.Rb5 a5 1/2-1/2

[Event "6th American Continental (w)"]
[Site "Duran ECU"]
[Date "2011.06.20"]
[Round "10.2"]
[White "Linares Napoles, Oleiny"]
[Black "Romero Echeverria, Abigail"]
[Result "1-0"]
[WhiteElo "2319"]
[BlackElo "2062"]
[EventDate "2011.06.12"]
[PlyCount "61"]

1.Nf3 c5 2.c4 e6 3.g3 b6 4.Bg2 Bb7 5.O-O Nf6 6.Nc3 a6 7.b3 Qc7 8.Bb2 Be7 
9.Rc1 O-O 10.e3 d6 11.Qe2 Nbd7 12.d3 Rac8 13.Ne1 Bxg2 14.Nxg2 Nb8 15.g4 
Nc6 16.g5 Nd7 17.f4 Rfd8 18.Rf3 Nf8 19.Ne4 d5 20.Nf6+ Bxf6 21.gxf6 d4 22.
Rg3 Ng6 23.e4 Nxf4 24.Nxf4 Qxf4 25.Rf1 Qh4 26.Qg2 Qh5 27.Rg5 Qh6 28.Rxg7+ 
Kh8 29.Bc1 Qh5 30.Rg5 Qh4 31.Rh5 1-0

[Event "6th American Continental (w)"]
[Site "Duran ECU"]
[Date "2011.06.20"]
[Round "10.3"]
[White "Marrero Lopez, Yaniet"]
[Black "Rodriguez Rueda, Paula Andrea"]
[Result "1/2-1/2"]
[WhiteElo "2328"]
[BlackElo "2069"]
[EventDate "2011.06.12"]
[PlyCount "104"]

1.e4 c5 2.Nf3 d6 3.d4 cxd4 4.Nxd4 Nf6 5.Nc3 a6 6.Bc4 e6 7.Bb3 b5 8.Qf3 Qc7
9.O-O Be7 10.Qg3 O-O 11.Bh6 Ne8 12.Kh1 Kh8 13.Bg5 Bxg5 14.Qxg5 Nf6 15.a3 
Nc6 16.Rad1 Nxd4 17.Rxd4 Bb7 18.Rfd1 Rfd8 19.f3 Rac8 20.Qd2 d5 21.exd5 
exd5 22.Ne4 Qe7 23.Nxf6 Qxf6 24.Bxd5 Bxd5 25.Rxd5 Rxd5 26.Qxd5 h6 27.c3 
Re8 28.Qd3 Qe5 29.Kg1 Qe2 30.Qd2 Qc4 31.Re1 Rxe1+ 32.Qxe1 Qb3 33.Qd2 Kh7 
34.h4 a5 35.Qd3+ g6 36.Qd2 h5 37.Kh2 a4 38.Kg3 Kg8 39.Qd8+ Kh7 40.Qe7 Kg8 
41.Qd8+ Kh7 42.Qf6 Kg8 43.Kf4 Qxb2 44.Qd8+ Kh7 45.Qc7 Kg8 46.Qc5 Qd2+ 47.
Ke4 Qe2+ 48.Kf4 Qd2+ 49.Kg3 Qe1+ 50.Kh3 Qh1+ 51.Kg3 Qe1+ 52.Kh3 Qh1+ 
1/2-1/2

[Event "6th American Continental (w)"]
[Site "Duran ECU"]
[Date "2011.06.20"]
[Round "10.4"]
[White "Chirivi Castiblanco, Jenny Astrid"]
[Black "Salazar Cardona, Aura Cristina"]
[Result "0-1"]
[WhiteElo "2226"]
[BlackElo "2194"]
[EventDate "2011.06.12"]
[PlyCount "110"]

1.d4 Nf6 2.c4 g6 3.Nc3 Bg7 4.e4 d6 5.f3 O-O 6.Be3 Nc6 7.Qd2 a6 8.Nge2 Rb8 
9.Nc1 e5 10.d5 Nd4 11.Nb3 c5 12.dxc6 bxc6 13.Nxd4 exd4 14.Bxd4 Re8 15.Be2 
d5 16.cxd5 cxd5 17.e5 Nd7 18.f4 f6 19.e6 Nf8 20.f5 gxf5 21.Bh5 Rxe6+ 22.
Ne2 Re4 23.O-O Ne6 24.Bf3 Nxd4 25.Nxd4 Qb6 26.Rad1 Bd7 27.b3 Rbe8 28.Kh1 
R8e5 29.a4 a5 30.h3 Kh8 31.Bxe4 fxe4 32.Qe3 Qb4 33.g4 Qb6 34.Rf2 Qb4 35.
Rdf1 Re8 36.Rd1 Rc8 37.Rc2 Re8 38.Nf5 Bxf5 39.gxf5 Qd6 40.Rg2 Qe5 41.Rdg1 
d4 42.Qc1 Qxf5 43.Rg3 d3 44.Kh2 Qe5 45.Kh1 Qf5 46.Qe3 Re7 47.Kh2 h6 48.
R1g2 Qe5 49.Kh1 f5 50.Rg6 f4 51.Qb6 f3 52.Rxh6+ Kg8 53.Rg1 e3 54.Qd8+ Re8 
55.Qxd3 Qd4 0-1

[Event "6th American Continental (w)"]
[Site "Duran ECU"]
[Date "2011.06.20"]
[Round "10.5"]
[White "Orozco Lopez, Lina Yomayra"]
[Black "Lujan, Carolina"]
[Result "1-0"]
[WhiteElo "2145"]
[BlackElo "2353"]
[EventDate "2011.06.12"]
[PlyCount "88"]

1.e4 c5 2.Nf3 a6 3.d4 cxd4 4.Nxd4 e5 5.Ne2 Nf6 6.Nbc3 Bc5 7.Ng3 d6 8.Be2 
h6 9.O-O Nc6 10.Na4 Ba7 11.c4 O-O 12.b3 Nd4 13.Nc3 Bd7 14.a4 Bc5 15.Rb1 a5
16.Be3 Ne8 17.Bg4 Bc6 18.Nce2 Nf6 19.Bxd4 exd4 20.Bf3 Qb6 21.Qc2 Rae8 22.
Rbd1 Nh7 23.Qd3 Ng5 24.h4 Nxf3+ 25.gxf3 Qd8 26.h5 Qg5 27.Qd2 Qf6 28.Kg2 
Kh7 29.Nxd4 Qd8 30.Ndf5 Qb6 31.Qc2 Re6 32.Rh1 Kh8 33.Rh4 Rg8 34.Rg4 Qd8 
35.Qb2 Qf6 36.Qxf6 Rxf6 37.Ne7 Re8 38.Nd5 Bxd5 39.Rxd5 g6 40.Ne2 Re5 41.
hxg6 Rxg6 42.Nf4 Kh7 43.Nd3 Rxd5 44.exd5 b6 1-0

[Event "6th American Continental (w)"]
[Site "Duran ECU"]
[Date "2011.06.20"]
[Round "10.6"]
[White "Castrillon Gomez, Melissa"]
[Black "Orozco Lopez, Luz Elena"]
[Result "0-1"]
[WhiteElo "2386"]
[BlackElo "2145"]
[EventDate "2011.06.12"]
[PlyCount "80"]

1.e4 d5 2.exd5 Qxd5 3.Nc3 Qa5 4.d4 Nf6 5.Bc4 c6 6.Bd2 Bf5 7.Qe2 e6 8.Nf3 
Nbd7 9.O-O-O Bb4 10.Nh4 Bg4 11.f3 Bxc3 12.fxg4 Bxd2+ 13.Rxd2 Qg5 14.Nf5 
O-O 15.Nd6 b5 16.Nxf7 Rxf7 17.Bxe6 Re8 18.h4 Rxe6 19.Qxe6 Qxg4 20.Qxc6 Ne4
21.Rdd1 Nf2 22.Rhf1 h6 23.Qd5 Nf6 24.Qxb5 Nxd1 25.Rxd1 Qxg2 26.d5 Qe4 27.
d6 Nd7 28.h5 Qe6 29.Kb1 Rf5 30.Qb4 Rxh5 31.a3 Rd5 32.Rxd5 Qxd5 33.c4 Qc6 
34.Qb3 Nc5 35.Qb8+ Kh7 36.Qc7 Qe4+ 37.Ka2 Qxc4+ 38.Kb1 Qd3+ 39.Ka2 Qd5+ 
40.Kb1 h5 0-1

[Event "6th American Continental (w)"]
[Site "Duran ECU"]
[Date "2011.06.20"]
[Round "10.7"]
[White "Martinez, Ayelen"]
[Black "Mateus Urbano, Martha"]
[Result "1-0"]
[WhiteElo "1992"]
[BlackElo "2170"]
[EventDate "2011.06.12"]
[PlyCount "89"]

1.e4 c5 2.Nf3 a6 3.d3 Nc6 4.g3 g6 5.Bg2 Bg7 6.O-O e6 7.Re1 Nge7 8.e5 d5 9.
exd6 Qxd6 10.Nbd2 Nd5 11.Nc4 Qc7 12.Ng5 O-O 13.Bxd5 exd5 14.Bf4 Qd8 15.Nd6
Bd7 16.c3 h6 17.Ngxf7 Qf6 18.Qb3 Rxf7 19.Qxd5 Rf8 20.Nxf7 Rxf7 21.h4 g5 
22.hxg5 hxg5 23.Qxg5 Qxg5 24.Bxg5 Ne5 25.Rxe5 Bxe5 26.Re1 Bd6 27.f4 Rh7 
28.Re2 Bc6 29.Re6 Bc7 30.Bh4 Rd7 31.Re3 Kf7 32.Kf2 Bd5 33.f5 Bxa2 34.g4 
Bf4 35.Re4 Bc1 36.g5 Rxd3 37.g6+ Kg7 38.Re7+ Kf8 39.f6 Rd8 40.Rh7 Bg8 41.
Rxb7 Rd2+ 42.Ke1 Rxb2 43.g7+ Ke8 44.Re7+ Kd8 45.f7 1-0

[Event "6th American Continental (w)"]
[Site "Duran ECU"]
[Date "2011.06.20"]
[Round "10.8"]
[White "Ubaldo Suarez, Maria Gisela"]
[Black "Fandino Reyes, Roquelina"]
[Result "0-1"]
[WhiteElo "2079"]
[BlackElo "2147"]
[EventDate "2011.06.12"]
[PlyCount "93"]

1.d4 d5 2.Nf3 Nf6 3.c4 c6 4.Nc3 a6 5.e3 g6 6.Be2 Bg7 7.O-O O-O 8.Ne5 Nbd7 
9.f4 dxc4 10.Bxc4 Nb6 11.Bb3 Nbd5 12.Qf3 Nxc3 13.bxc3 Bf5 14.Ba3 Be4 15.
Qe2 Qc7 16.Rac1 b6 17.Rfd1 a5 18.c4 c5 19.d5 a4 20.Bc2 Qd6 21.g4 Bxc2 22.
Qxc2 Ne8 23.Nf3 Qd7 24.f5 h5 25.h3 hxg4 26.hxg4 Nf6 27.Nh2 Qd6 28.Qg2 Qe5 
29.Re1 gxf5 30.Bb2 Qe4 31.gxf5 Qxf5 32.e4 Qg6 33.Rc2 a3 34.Ba1 Ra4 35.Re3 
Rb4 36.Bxf6 Qxf6 37.Rg3 Rb1+ 38.Nf1 Rb2 39.Ne3 Rb1+ 40.Nf1 Rd8 41.Rf2 Qe5 
42.Qf3 Rf8 43.Kh2 Rb2 44.Rg2 Rxg2+ 45.Qxg2 f5 46.Nd2 fxe4 47.Nxe4 0-1

[Event "6th American Continental (w)"]
[Site "Duran ECU"]
[Date "2011.06.20"]
[Round "10.9"]
[White "Pachon, Adriana"]
[Black "Cordero Loup, Ely Daniela"]
[Result "1/2-1/2"]
[WhiteElo "1976"]
[BlackElo "2058"]
[EventDate "2011.06.12"]
[PlyCount "129"]

1.e4 e6 2.d4 d5 3.e5 c5 4.c3 Nc6 5.Nf3 Nge7 6.Bd3 cxd4 7.cxd4 Nf5 8.Bxf5 
exf5 9.Nc3 Be6 10.Ne2 Be7 11.Nf4 g6 12.Bd2 h6 13.h4 Qd7 14.Rc1 Rc8 15.Kf1 
Kf8 16.Kg1 Kg7 17.a3 a5 18.Qb3 a4 19.Qxa4 Nxe5 20.Qxd7 Nxd7 21.Kh2 Nf6 22.
g3 Ne4 23.Kg2 Bd6 24.Be3 Bb8 25.Ne5 Nd6 26.Nexg6 fxg6 27.Nxe6+ Kf7 28.Nf4 
Nc4 29.Nxd5 Rhd8 30.Nb4 Nxb2 31.Bxh6 Ba7 32.d5 Nc4 33.Rc3 Bd4 34.Rd3 Bb2 
35.a4 Ne5 36.Rb3 Bd4 37.Be3 Rc4 38.Bxd4 Rxd4 39.Nc2 Rxa4 40.Rxb7+ Rd7 41.
Rxd7+ Nxd7 42.Rb1 Nc5 43.Kf3 Rc4 44.Ne3 Rd4 45.Rd1 Ra4 46.Rd2 Ke7 47.Ng2 
Ne4 48.Rc2 Kd6 49.Nf4 g5 50.Rc6+ Kd7 51.hxg5 Nxg5+ 52.Kg2 Ne4 53.Ne6 Ra5 
54.Nf8+ Ke8 55.d6 Nxd6 56.Rxd6 Kxf8 57.Kf3 Ke7 58.Rh6 Ra4 59.Rh4 Ra5 60.
Kf4 Kf6 61.Rh6+ Kg7 62.Rb6 Kf7 63.Rh6 Kg7 64.Rd6 Ra2 65.f3 1/2-1/2

[Event "6th American Continental (w)"]
[Site "Duran ECU"]
[Date "2011.06.20"]
[Round "10.10"]
[White "Frometa Castillo, Zirka"]
[Black "Heredia Serrano, Carla"]
[Result "1/2-1/2"]
[WhiteElo "2125"]
[BlackElo "2071"]
[EventDate "2011.06.12"]
[PlyCount "46"]

1.d4 Nf6 2.Nf3 g6 3.Nc3 d5 4.Bf4 Bg7 5.e3 c6 6.h3 Nbd7 7.Bd3 O-O 8.O-O Re8
9.Bh2 Qb6 10.a3 Nh5 11.g4 Nhf6 12.b4 Nf8 13.Ne5 h5 14.f4 hxg4 15.hxg4 N6d7
16.Qf3 Nxe5 17.fxe5 Be6 18.Ne2 Qc7 19.Nf4 Qd7 20.Nxe6 Qxe6 21.Rf2 f6 22.
Raf1 fxe5 23.dxe5 Nd7 1/2-1/2

[Event "6th American Continental (w)"]
[Site "Duran ECU"]
[Date "2011.06.20"]
[Round "10.11"]
[White "Plazaola, Maria De los Angeles"]
[Black "Salazar Loor, Sara"]
[Result "1-0"]
[WhiteElo "2181"]
[BlackElo "2002"]
[EventDate "2011.06.12"]
[PlyCount "75"]

1.e4 c5 2.Nf3 Nc6 3.c3 Nf6 4.e5 Nd5 5.d4 cxd4 6.cxd4 d6 7.Bc4 Nb6 8.Bb5 
dxe5 9.Bxc6+ bxc6 10.Nxe5 Qd5 11.O-O g6 12.Nc3 Qe6 13.Re1 Bg7 14.Bg5 O-O 
15.Nf3 Qf5 16.Bxe7 Re8 17.Bd6 Be6 18.Be5 f6 19.Bg3 Rad8 20.Qc1 Qh5 21.h3 
Bxh3 22.Ne4 Bd7 23.Qc5 Qxc5 24.dxc5 Nc4 25.Rad1 Nxb2 26.Rxd7 Rxd7 27.Nxf6+
Bxf6 28.Rxe8+ Kf7 29.Rc8 Nd3 30.Rxc6 Nb4 31.Rc8 Nxa2 32.c6 Rd1+ 33.Kh2 Nb4
34.c7 Rc1 35.Ra8 Nd5 36.c8=Q Rxc8 37.Rxc8 Ke6 38.Ra8 1-0

[Event "6th American Continental (w)"]
[Site "Duran ECU"]
[Date "2011.06.20"]
[Round "10.12"]
[White "Rosales Murillo, Cristina"]
[Black "Real Pereyra, Diana Carime"]
[Result "0-1"]
[WhiteElo "1638"]
[BlackElo "1976"]
[EventDate "2011.06.12"]
[PlyCount "92"]

1.e4 c5 2.Nf3 d6 3.d4 cxd4 4.Nxd4 Nf6 5.Nc3 Nc6 6.Nb3 e5 7.Be2 Be7 8.O-O 
O-O 9.Be3 a5 10.Na4 Nxe4 11.Nb6 Rb8 12.Nd5 a4 13.Bb6 Qe8 14.Nd2 Nxd2 15.
Qxd2 Bd8 16.Bb5 Be6 17.Nc7 Qd7 18.Nxe6 Qxe6 19.Bxd8 Rbxd8 20.Bxa4 Kh8 21.
c3 f5 22.Rad1 f4 23.f3 Ne7 24.Rfe1 Qxa2 25.Re4 Qe6 26.Rb4 Qc8 27.Bb3 Rf6 
28.Qf2 d5 29.Rb6 Rdd6 30.Rb5 Qc6 31.Ra5 Rf8 32.Rc5 Qd7 33.Ra5 b6 34.Ra6 
Qb5 35.Ra3 Nf5 36.c4 dxc4 37.Rxd6 Nxd6 38.Ba4 Qb4 39.Bd1 Nf5 40.Ra4 Qd6 
41.Be2 b5 42.Ra7 Ne3 43.Qh4 Qg6 44.Qf2 Qb1+ 45.Bf1 Nxf1 46.Qxf1 Qxb2 0-1

[Event "6th American Continental (w)"]
[Site "Duran ECU"]
[Date "2011.06.20"]
[Round "10.13"]
[White "Matute Loja, Maria Belen"]
[Black "Mendoza Velazquez, Lorena Alejandra"]
[Result "1/2-1/2"]
[WhiteElo "1946"]
[BlackElo "2033"]
[EventDate "2011.06.12"]
[PlyCount "80"]

1.e4 c5 2.Nf3 a6 3.Nc3 e6 4.d4 cxd4 5.Nxd4 Nc6 6.Nxc6 bxc6 7.e5 Ne7 8.f4 
Nf5 9.Ne4 Rb8 10.Bd3 Qb6 11.Qf3 h5 12.b3 a5 13.c3 Ba6 14.Bxa6 Qxa6 15.Bd2 
Be7 16.Rd1 a4 17.b4 Qc4 18.a3 g6 19.Qe2 Qxe2+ 20.Kxe2 d5 21.exd6 Nxd6 22.
Nxd6+ Bxd6 23.Be3 Be7 24.Bd4 f6 25.Kd3 h4 26.Rhe1 Kf7 27.Re4 Bd6 28.Rde1 
Rbe8 29.Kc2 Rh5 30.g3 hxg3 31.hxg3 Rh2+ 32.R1e2 Rxe2+ 33.Rxe2 Rh8 34.Rd2 
Bf8 35.c4 Be7 36.Kd3 Rh1 37.Kc2 Rh8 38.Kc3 Rh1 39.Kb2 Rh5 40.Kc3 Rh1 
1/2-1/2